[Event "Turkish Club Cup 2019"]
[Site "Konya"]
[Date "2019.07.20"]
[Round "8"]
[White "Taskiran, Recep"]
[Black "Soylemez, Baris"]
[Result "1-0"]
[WhiteElo "1898"]
[BlackElo "1633"]
[Annotator "NA"]
[PlyCount "59"]
[EventDate "2019.07.20"]
[EventType "team-tourn"]
[EventCountry "TUR"]
[SourceTitle "playchess.com"]
[Source "ChessBase"]
[SourceQuality "1"]

1. e4 c6 2. d4 d5 3. e5 Bf5 4. h4 h5 5. Bd3 Bxd3 6. Qxd3 e6 7. Bg5 Qb6 8. Nd2 Nd7 9. Ngf3 c5 10. c4 dxc4 11. Nxc4 Qb4+ 12. Bd2 Qa4 13. O-O O-O-O 14. b4 cxb4 15. Rab1 Nh6 16. Rfc1 Kb8 17. Nd6 Bxd6 18. exd6 a5 19. a3 Qxa3 20. Qb5 Nf5 21. Bf4 Qa2 22. Ra1 Qd5 23. Qxd5 exd5 24. Rxa5 Rc8 25. Rca1 Nb6 26. d7+ Rc7 27. Rc5 Na8 28. Rxa8+ Kxa8 29. Bxc7 b6 30. Bxb6 1-0

[Event "Turkish Club Cup 2019"]
[Site "Konya"]
[Date "2019.07.20"]
[Round "8"]
[White "Aydin, Ismail"]
[Black "Iyiol, Mehmet"]
[Result "0-1"]
[WhiteElo "1896"]
[BlackElo "1857"]
[Annotator "NA"]
[PlyCount "124"]
[EventDate "2019.07.16"]
[EventType "team-tourn"]
[EventCountry "TUR"]
[SourceTitle "playchess.com"]
[Source "ChessBase"]
[SourceQuality "1"]

1. d4 Nf6 2. Nf3 e6 3. Bf4 c5 4. e3 Nc6 5. c3 Nh5 6. Bg5 Qb6 7. Qb3 h6 8. Bh4 g5 9. Bg3 Nxg3 10. hxg3 Bg7 11. Nbd2 d5 12. Be2 cxd4 13. exd4 Bd7 14. g4 Rc8 15. Qxb6 axb6 16. Nb3 Na5 17. Nxa5 bxa5 18. Rc1 Ke7 19. O-O Kd6 20. Rfd1 Rc7 21. Ne1 Rhc8 22. Nd3 Bb5 23. Bf1 b6 24. g3 a4 25. a3 Rh8 26. Rd2 h5 27. gxh5 Rxh5 28. Re1 Bc4 29. Bg2 g4 30. Nb4 Rc8 31. Nc2 f5 32. Ne3 Bb5 33. f4 gxf3 34. Bxf3 Rh3 35. Kf2 Rch8 36. Rdd1 Bh6 37. Rh1 Bg5 38. Rxh3 Rxh3 39. Rh1 Rxh1 40. Bxh1 Bd3 41. Bf3 b5 42. Bh5 e5 43. dxe5+ Kxe5 44. Bg6 d4 45. cxd4+ Kxd4 46. Nd1 Bd2 47. Be8 Bc4 48. Bd7 Bd3 49. Be8 Bc1 50. Ke1 Kc5 51. Bd7 Bc2 52. Nc3 Bxb2 53. Nxb5 Bd3 54. Na7 Kb6 55. Kd2 Ba6 56. Nc6 Kc7 57. Bxf5 Kxc6 58. Bc2 Bb5 59. Bg6 Bxa3 60. Kc3 Bd6 61. g4 Kc5 62. Kb2 Kb4 0-1

[Event "Turkish Club Cup 2019"]
[Site "Konya"]
[Date "2019.07.20"]
[Round "8"]
[White "Oluc, Hakan"]
[Black "Demirbas, Fatih"]
[Result "1-0"]
[WhiteElo "1881"]
[BlackElo "1742"]
[Annotator "NA"]
[PlyCount "105"]
[EventDate "2019.07.20"]
[EventType "team-tourn"]
[EventCountry "TUR"]
[SourceTitle "playchess.com"]
[Source "ChessBase"]
[SourceQuality "1"]

1. c4 Nf6 2. g3 e5 3. Bg2 d5 4. cxd5 Nxd5 5. Nc3 Nb6 6. Nf3 Nc6 7. O-O Be7 8. d3 O-O 9. a3 Be6 10. b4 a5 11. b5 Nd4 12. Rb1 f6 13. Nd2 Nd5 14. Na4 c6 15. bxc6 bxc6 16. e3 Nb5 17. Qc2 Ra6 18. Ne4 Bf7 19. Nec5 Ra7 20. Bb2 Nb6 21. Bxc6 Nxa4 22. Qxa4 Bxc5 23. Qxb5 Qd6 24. d4 exd4 25. Rfd1 Rc7 26. Bf3 Bxa3 27. Bxd4 Qe7 28. Qxa5 Bc5 29. Rbc1 Bd6 30. h4 Rxc1 31. Rxc1 Bb4 32. Qb6 Bd6 33. h5 Rb8 34. Qxb8+ Bxb8 35. Rc8+ Qf8 36. Rxf8+ Kxf8 37. h6 Bd6 38. Be4 Bg8 39. g4 Be5 40. Bc5+ Ke8 41. Bc6+ Kd8 42. hxg7 f5 43. Bf8 fxg4 44. e4 g3 45. fxg3 Kc7 46. Bd5 Bxg7 47. Bxg7 Bxd5 48. exd5 Kd6 49. Kf2 Kxd5 50. Kf3 Ke6 51. Kg4 Kf7 52. Bd4 Kg6 53. Be3 1-0

[Event "Turkish Club Cup 2019"]
[Site "Konya"]
[Date "2019.07.20"]
[Round "8"]
[White "Atas, Yunus"]
[Black "Anil, Ali Fazil"]
[Result "1/2-1/2"]
[WhiteElo "1876"]
[BlackElo "1999"]
[Annotator "NA"]
[PlyCount "175"]
[EventDate "2019.07.16"]
[EventType "team-tourn"]
[EventCountry "TUR"]
[SourceTitle "playchess.com"]
[Source "ChessBase"]
[SourceQuality "1"]

1. d4 Nf6 2. Bf4 g6 3. e3 Bg7 4. Nf3 O-O 5. h3 d6 6. Be2 Nbd7 7. O-O b6 8. a4 Bb7 9. a5 Rb8 10. a6 Ba8 11. Na3 Re8 12. Bh2 Ne4 13. c3 Nef6 14. Nc4 c5 15. Na3 Bc6 16. Nb5 Ra8 17. Qb3 Rf8 18. Rfd1 Ne8 19. Qc2 Nb8 20. b4 Qd7 21. Na3 Ba4 22. Qb2 Bxd1 23. Rxd1 cxb4 24. cxb4 Qd8 25. Rc1 Nc7 26. b5 Ne6 27. Nc2 Nd7 28. Nb4 Nf6 29. Qb3 Qd7 30. Bc4 Rac8 31. Rd1 h6 32. Nd2 Rc7 33. Nf3 Rfc8 34. Nc6 Bf8 35. Nfe5 dxe5 36. dxe5 Rxc6 37. Rxd7 Rxc4 38. exf6 Rc1+ 39. Rd1 R8c3 40. Qd5 exf6 41. Bg3 Rc5 42. Qb3 Rxd1+ 43. Qxd1 Rxb5 44. Qd7 Ra5 45. Qxa7 Nc5 46. Qb8 Rxa6 47. Bd6 Ne6 48. g3 Ra1+ 49. Kg2 Rb1 50. e4 Kg7 51. e5 Bxd6 52. exd6 b5 53. d7 Rd1 54. Qxb5 Nf8 55. h4 h5 56. Qa4 Rxd7 57. Qb5 Re7 58. Qc5 Re5 59. Qc4 Ne6 60. Qc3 Nc5 61. Qd4 Ne4 62. Qa1 Nd6 63. Qd4 Nf5 64. Qd3 Nh6 65. f3 Nf5 66. Qa6 Rc5 67. Qa4 Re5 68. Qa6 Re6 69. Qd3 Ne7 70. Kf2 Nc6 71. Qd5 Ne5 72. Qd4 Ra6 73. g4 hxg4 74. fxg4 Re6 75. g5 fxg5 76. hxg5 Kg8 77. Qd8+ Kg7 78. Qd4 Kf8 79. Qd8+ Re8 80. Qd6+ Kg8 81. Kg3 Kh7 82. Qd4 Re7 83. Qd8 Re6 84. Qf8 Rc6 85. Kf4 Re6 86. Kg3 Rc6 87. Kf4 Re6 88. Ke4 1/2-1/2

[Event "Turkish Club Cup 2019"]
[Site "Konya"]
[Date "2019.07.20"]
[Round "8"]
[White "Subasi, Cagrican"]
[Black "Sahin, Hayrun Nisa"]
[Result "1/2-1/2"]
[WhiteElo "1871"]
[BlackElo "1772"]
[Annotator "NA"]
[PlyCount "64"]
[EventDate "2019.07.16"]
[EventType "team-tourn"]
[EventCountry "TUR"]
[SourceTitle "playchess.com"]
[Source "ChessBase"]
[SourceQuality "1"]

1. d4 Nf6 2. Nf3 g6 3. c4 Bg7 4. Nc3 O-O 5. e4 d6 6. Be2 Bg4 7. Be3 Nfd7 8. h3 Bxf3 9. Bxf3 c5 10. d5 Na6 11. O-O Nc7 12. Qd2 a6 13. a4 Re8 14. Bh6 Bxh6 15. Qxh6 e6 16. Be2 exd5 17. cxd5 Rb8 18. a5 b5 19. axb6 Rxb6 20. Ra2 Nb5 21. Nxb5 axb5 22. f3 Qc7 23. Qd2 c4 24. Qb4 Reb8 25. Rfa1 Qc5+ 26. Qxc5 Nxc5 27. Ra8 Rxa8 28. Rxa8+ Kg7 29. Kf2 Ra6 30. Rxa6 Nxa6 31. Ke3 Kf6 32. Bd1 Nc5 1/2-1/2

[Event "Turkish Club Cup 2019"]
[Site "Konya"]
[Date "2019.07.20"]
[Round "8"]
[White "Basaran, Alp"]
[Black "Taskaya, Muhammed"]
[Result "1/2-1/2"]
[WhiteElo "1857"]
[BlackElo "2011"]
[Annotator "NA"]
[PlyCount "79"]
[EventDate "2019.07.16"]
[EventType "team-tourn"]
[EventCountry "TUR"]
[SourceTitle "playchess.com"]
[Source "ChessBase"]
[SourceQuality "1"]

1. e4 e6 2. d4 d5 3. exd5 exd5 4. Bd3 Bd6 5. Nf3 Ne7 6. O-O Nbc6 7. c3 Bf5 8. Bxf5 Nxf5 9. Re1+ Nce7 10. Nbd2 f6 11. Nf1 Qd7 12. Ne3 O-O-O 13. b4 g5 14. a4 h5 15. Nxf5 Nxf5 16. b5 g4 17. Nd2 Rde8 18. Rxe8+ Rxe8 19. Nf1 Qe6 20. Qd3 Qe4 21. Qxe4 Rxe4 22. Ne3 Nxe3 23. Bxe3 f5 24. Re1 f4 25. Bd2 Rxe1+ 26. Bxe1 a6 27. bxa6 b6 28. f3 Kb8 29. fxg4 hxg4 30. h4 gxh3 31. gxh3 Ka7 32. Kf1 Kxa6 33. Ke2 Ka5 34. h4 Kxa4 35. Bd2 c5 36. dxc5 bxc5 37. h5 Kb3 38. h6 Be5 39. h7 Bh8 40. Kf3 1/2-1/2

[Event "Turkish Club Cup 2019"]
[Site "Konya"]
[Date "2019.07.20"]
[Round "8"]
[White "Unlu, Alp Bugra"]
[Black "Kilic, Eray"]
[Result "1/2-1/2"]
[WhiteElo "1832"]
[BlackElo "1931"]
[Annotator "NA"]
[PlyCount "62"]
[EventDate "2019.07.16"]
[EventType "team-tourn"]
[EventCountry "TUR"]
[SourceTitle "playchess.com"]
[Source "ChessBase"]
[SourceQuality "1"]

1. e4 c5 2. Nf3 Nc6 3. d4 cxd4 4. Nxd4 g6 5. Nc3 Bg7 6. Be3 Nf6 7. Bc4 O-O 8. Bb3 d6 9. h3 Bd7 10. O-O Nxd4 11. Bxd4 b5 12. a3 Bc6 13. Qd3 Qc7 14. Rfe1 Rad8 15. Nd5 Qb7 16. Rad1 Rfe8 17. Bc3 Nd7 18. Bxg7 Kxg7 19. Re3 Nc5 20. Qc3+ Kg8 21. Ba2 Rc8 22. b4 Nxe4 23. Qd4 e6 24. Rxe4 exd5 25. Bxd5 Rxe4 26. Qxe4 a6 27. Bxc6 Qxc6 28. Qxc6 Rxc6 29. Rd3 Kf8 30. Kf1 Ke7 31. c3 Rc4 1/2-1/2

[Event "Turkish Club Cup 2019"]
[Site "Konya"]
[Date "2019.07.20"]
[Round "8"]
[White "Gonullu, Muhammed Sinan"]
[Black "Aysoy, Veysi"]
[Result "1/2-1/2"]
[WhiteElo "1823"]
[BlackElo "1881"]
[Annotator "NA"]
[PlyCount "71"]
[EventDate "2019.07.16"]
[EventType "team-tourn"]
[EventCountry "TUR"]
[SourceTitle "playchess.com"]
[Source "ChessBase"]
[SourceQuality "1"]

1. d4 d5 2. Bg5 Nf6 3. Bxf6 exf6 4. e3 c5 5. dxc5 Bxc5 6. c3 O-O 7. Nf3 Nc6 8. Nd4 Re8 9. Be2 f5 10. O-O Bb6 11. Nxc6 bxc6 12. Nd2 Qf6 13. Nf3 Rb8 14. Qd2 Qh6 15. Nd4 Bd7 16. Bf3 Rbd8 17. b4 g5 18. g3 Qg6 19. a4 h5 20. c4 dxc4 21. Qc3 f4 22. gxf4 gxf4+ 23. Kh1 fxe3 24. fxe3 Bg4 25. Bxg4 Bxd4 26. exd4 hxg4 27. Qxc4 Qe4+ 28. Kg1 Qxd4+ 29. Qxd4 Rxd4 30. b5 Rc4 31. Rfc1 Rxc1+ 32. Rxc1 cxb5 33. axb5 Rb8 34. Rc5 Kg7 35. Kg2 Rd8 36. Rg5+ 1/2-1/2

[Event "Turkish Club Cup 2019"]
[Site "Konya"]
[Date "2019.07.20"]
[Round "8"]
[White "Aslanhan, Halis"]
[Black "Kacangar, Mehmed"]
[Result "0-1"]
[WhiteElo "1812"]
[BlackElo "1785"]
[Annotator "NA"]
[PlyCount "132"]
[EventDate "2019.07.16"]
[EventType "team-tourn"]
[EventCountry "TUR"]
[SourceTitle "playchess.com"]
[Source "ChessBase"]
[SourceQuality "1"]

1. e4 c5 2. Nf3 d6 3. d4 cxd4 4. Nxd4 Nc6 5. Nc3 a6 6. Be3 Nf6 7. f3 g6 8. Qd2 Bg7 9. Be2 Bd7 10. O-O-O Rc8 11. g4 h6 12. h4 Na5 13. g5 hxg5 14. hxg5 Nh5 15. Nd5 Bc6 16. Nxc6 Rxc6 17. Bd4 Bxd4 18. Qxd4 Rg8 19. Rxh5 gxh5 20. b4 Qc8 21. Ne3 Rxg5 22. bxa5 Rcc5 23. Nc4 f6 24. f4 Rg2 25. Bd3 Rg4 26. Ne3 Rg3 27. f5 h4 28. Nd5 Kf7 29. Qf2 Qg8 30. Qe2 Qg5+ 31. Kb1 h3 32. Qh2 Rc8 33. Bf1 Rh8 34. Bc4 Kf8 35. Nxe7 Kxe7 36. Qf2 Qe3 37. Qh2 Rc8 38. Bb3 Rc6 39. Ba4 Rg2 40. Qh1 Rc5 41. Qf1 Qe2 42. e5 Rxe5 43. Qh1 h2 44. Rc1 Qf2 45. Qd1 Qg1 46. Qh5 Rg8 47. Qh7+ Rg7 48. Qh8 Rg8 49. Qh7+ Rg7 50. Qh8 Kf7 51. Qh5+ Kg8 52. Bb3+ d5 53. Bxd5+ Kf8 54. Qh8+ Ke7 55. Bh1 Re1 56. Qxg7+ Qxg7 57. Rxe1+ Kd6 58. Kc1 Qg5+ 59. Kd1 Qxf5 60. Bxb7 Qxa5 61. Rh1 Qxa2 62. Be4 Qa1+ 63. Ke2 Qe5 64. Kf3 f5 65. Rd1+ Kc5 66. Bb7 Qg7 0-1

[Event "Turkish Club Cup 2019"]
[Site "Konya"]
[Date "2019.07.20"]
[Round "8"]
[White "Gundogan, Sinem Cagla"]
[Black "Sen, Nehir"]
[Result "1-0"]
[WhiteElo "1806"]
[BlackElo "1307"]
[Annotator "NA"]
[PlyCount "73"]
[EventDate "2019.07.16"]
[EventType "team-tourn"]
[EventCountry "TUR"]
[SourceTitle "playchess.com"]
[Source "ChessBase"]
[SourceQuality "1"]

1. e4 g6 2. d4 Bg7 3. Nc3 d6 4. Be3 c6 5. Qd2 b5 6. h4 h5 7. O-O-O Qa5 8. Kb1 Nd7 9. Nh3 Rb8 10. f3 b4 11. Ne2 c5 12. Nc1 Qc7 13. dxc5 Nxc5 14. Bxc5 Qxc5 15. Ng5 Nh6 16. Nb3 Qc7 17. Nh3 Ng8 18. Nd4 Bd7 19. Be2 a5 20. f4 Nf6 21. Nf2 Bh6 22. g3 O-O 23. Nf3 Bc6 24. Bd3 Nd7 25. g4 hxg4 26. Nxg4 Bg7 27. h5 gxh5 28. Rxh5 Rfc8 29. Rdh1 Kf8 30. Rh7 f5 31. Ng5 Nc5 32. Rh8+ Bxh8 33. Rxh8+ Kg7 34. Rh7+ Kf8 35. Qh2 Ke8 36. Rh8+ Kd7 37. Nf6+ 1-0

[Event "Turkish Club Cup 2019"]
[Site "Konya"]
[Date "2019.07.20"]
[Round "8"]
[White "Temel, Burcu Melis"]
[Black "Asan, Elvan"]
[Result "1-0"]
[WhiteElo "1790"]
[BlackElo "1760"]
[Annotator "NA"]
[PlyCount "65"]
[EventDate "2019.07.16"]
[EventType "team-tourn"]
[EventCountry "TUR"]
[SourceTitle "playchess.com"]
[Source "ChessBase"]
[SourceQuality "1"]

1. e4 e6 2. d3 d5 3. Nd2 c5 4. Ngf3 Nc6 5. g3 Nf6 6. Bg2 Be7 7. O-O b6 8. Re1 Bb7 9. e5 Nd7 10. Nf1 Qc7 11. Bf4 h6 12. h4 O-O-O 13. c3 Rdg8 14. d4 g5 15. hxg5 hxg5 16. Be3 g4 17. N3h2 f5 18. exf6 Nxf6 19. Bf4 Qd7 20. Qe2 Nh5 21. Qxe6 Nxf4 22. gxf4 Qxe6 23. Rxe6 Kd7 24. Rae1 Bd6 25. Ng3 Bxf4 26. Bxd5 Rg5 27. Bg2 Rg7 28. d5 Nd8 29. R6e4 Bxg3 30. fxg3 Bxd5 31. Rd1 Kc6 32. Rxd5 Rgh7 33. Rxd8 1-0

[Event "Turkish Club Cup 2019"]
[Site "Konya"]
[Date "2019.07.20"]
[Round "8"]
[White "Durak, Ahmet"]
[Black "Taskin, Arda"]
[Result "1-0"]
[WhiteElo "1786"]
[BlackElo "1723"]
[Annotator "NA"]
[PlyCount "77"]
[EventDate "2019.07.16"]
[EventType "team-tourn"]
[EventCountry "TUR"]
[SourceTitle "playchess.com"]
[Source "ChessBase"]
[SourceQuality "1"]

1. c4 e6 2. Nc3 Nf6 3. g3 d5 4. Bg2 Be7 5. Nf3 O-O 6. O-O c5 7. cxd5 exd5 8. d4 Nc6 9. Bg5 Be6 10. Rc1 cxd4 11. Nxd4 h6 12. Bf4 Rc8 13. Ncb5 Qb6 14. Be3 Nxd4 15. Nxd4 Ng4 16. Nf5 Qd8 17. Nxe7+ Qxe7 18. Bxa7 Rxc1 19. Qxc1 Rc8 20. Qd2 Ra8 21. Qd4 Nf6 22. Rc1 b5 23. Bc5 Qb7 24. a3 Rc8 25. Qd1 Nd7 26. Bd4 Re8 27. Qb3 Rb8 28. e3 b4 29. axb4 Qxb4 30. Qxb4 Rxb4 31. Rc7 Rc4 32. Rxc4 dxc4 33. Kf1 f5 34. Ke1 Kf7 35. Kd2 Nf6 36. Bxf6 Kxf6 37. f4 g5 38. Kc3 Ke7 39. Bf1 1-0

[Event "Turkish Club Cup 2019"]
[Site "Konya"]
[Date "2019.07.20"]
[Round "8"]
[White "Yurdakul, Didem Nuray"]
[Black "Simsek, Meltem"]
[Result "1/2-1/2"]
[WhiteElo "1779"]
[BlackElo "1684"]
[Annotator "NA"]
[PlyCount "63"]
[EventDate "2019.07.16"]
[EventType "team-tourn"]
[EventCountry "TUR"]
[SourceTitle "playchess.com"]
[Source "ChessBase"]
[SourceQuality "1"]

1. e4 c5 2. Nf3 Nc6 3. Bb5 g6 4. c3 Bg7 5. O-O Nf6 6. Re1 O-O 7. d4 d5 8. e5 Ne4 9. Bxc6 bxc6 10. Nbd2 cxd4 11. cxd4 c5 12. dxc5 Nxc5 13. Nb3 Nxb3 14. Qxb3 e6 15. Bd2 Qb6 16. Qxb6 axb6 17. Bb4 Re8 18. a3 Ba6 19. h3 Rec8 20. Rac1 Rxc1 21. Rxc1 Rc8 22. Rxc8+ Bxc8 23. Kf1 Bf8 24. Bxf8 Kxf8 25. Ke2 h6 26. Nd4 Ke7 27. f4 f6 28. exf6+ Kxf6 29. Ke3 Ba6 30. g3 Bf1 31. h4 Ba6 32. g4 1/2-1/2

[Event "Turkish Club Cup 2019"]
[Site "Konya"]
[Date "2019.07.20"]
[Round "8"]
[White "Celik, Musa"]
[Black "Kiziltas, Inanc Vefa"]
[Result "1/2-1/2"]
[WhiteElo "1773"]
[BlackElo "1858"]
[Annotator "NA"]
[PlyCount "164"]
[EventDate "2019.07.16"]
[EventType "team-tourn"]
[EventCountry "TUR"]
[SourceTitle "playchess.com"]
[Source "ChessBase"]
[SourceQuality "1"]

1. e4 c6 2. d4 d5 3. Nc3 dxe4 4. Nxe4 Nf6 5. Nxf6+ exf6 6. Nf3 Bd6 7. Bd3 O-O 8. O-O Bg4 9. Re1 Nd7 10. c3 Qc7 11. h3 Bh5 12. Be3 Rfe8 13. g4 Bg6 14. Nh4 Bf4 15. Bxg6 hxg6 16. Qf3 Bxe3 17. Rxe3 g5 18. Nf5 g6 19. Ng3 Kg7 20. Rae1 Rh8 21. Re7 Raf8 22. d5 Qd8 23. R1e6 Kg8 24. dxc6 fxe6 25. Rxd7 Qc8 26. Qe4 Qe8 27. Rxb7 Rh7 28. c7 f5 29. Qc4 Qd7 30. Rb8 Qxc7 31. Qxe6+ Qf7 32. Rxf8+ Kxf8 33. gxf5 Qxe6 34. fxe6 Rxh3 35. Kg2 Rh4 36. Ne2 Re4 37. Nd4 Re1 38. a4 Ra1 39. b3 Rc1 40. c4 Rc3 41. f3 Rd3 42. Nc6 Rxb3 43. Nxa7 Rb4 44. e7+ Ke8 45. Nc6 Rxc4 46. Ne5 Rxa4 47. Nxg6 Ra6 48. Ne5 Kxe7 49. Kg3 Ke6 50. Nd3 Kf5 51. Nf2 Ra1 52. Nh3 Rb1 53. Nf2 Rb4 54. Nd1 Rb3 55. Nf2 Ke5 56. Kg4 Kd4 57. Ne4 Ke3 58. Kxg5 Rb1 59. Kf5 Rb5+ 60. Kg4 Rb2 61. Kg3 Rb1 62. Kg2 Kf4 63. Kh3 Rd1 64. Kg2 Ra1 65. Nc3 Ra3 66. Nd5+ Ke5 67. Ne7 Ke6 68. Ng6 Kf6 69. Nh4 Ra8 70. Kg3 Rg8+ 71. Kf2 Kg5 72. Ng2 Ra8 73. Kg3 Ra1 74. Kf2 Ra2+ 75. Kg3 Re2 76. Nf4 Re8 77. Nh3+ Kf5 78. Nf2 Rg8+ 79. Ng4 Rg7 80. Kf2 Kf4 81. Ne3 Rd7 82. Ng2+ Ke5 1/2-1/2

[Event "Turkish Club Cup 2019"]
[Site "Konya"]
[Date "2019.07.20"]
[Round "8"]
[White "Cakir, Ege"]
[Black "Saridag, Omer Melih"]
[Result "0-1"]
[WhiteElo "1765"]
[BlackElo "1820"]
[Annotator "NA"]
[PlyCount "114"]
[EventDate "2019.07.16"]
[EventType "team-tourn"]
[EventCountry "TUR"]
[SourceTitle "playchess.com"]
[Source "ChessBase"]
[SourceQuality "1"]

1. d4 d5 2. Nf3 e6 3. g3 a6 4. Bg2 Nf6 5. O-O Be7 6. c4 dxc4 7. Ne5 O-O 8. Nxc4 Ra7 9. a4 b6 10. Nc3 Bb7 11. Ne3 Bxg2 12. Kxg2 c5 13. d5 Rd7 14. Qc2 exd5 15. Nf5 Nc6 16. Bg5 d4 17. Nxe7+ Qxe7 18. Bxf6 Qxf6 19. Ne4 Qg6 20. f3 Re8 21. Rfe1 Nb4 22. Qb3 Qe6 23. Qxe6 Rxe6 24. Rad1 Nc2 25. g4 Nxe1+ 26. Rxe1 Rd5 27. Rc1 h6 28. Kf2 f5 29. gxf5 Rxf5 30. Ng3 Rd5 31. Ne4 Rc6 32. b3 b5 33. axb5 axb5 34. Nd2 Kf7 35. e3 dxe3+ 36. Kxe3 Rh5 37. Nf1 Re6+ 38. Kf2 Rd5 39. Rc2 Ra6 40. Ne3 Rd3 41. Ng4 Rxb3 42. Rxc5 b4 43. Rb5 Rb2+ 44. Ke3 Ra3+ 45. Kf4 b3 46. Rb4 Rb1 47. Ne5+ Ke6 48. Nc4 Ra2 49. Rb6+ Kd5 50. Ne3+ Kc5 51. Rb8 b2 52. Rc8+ Kb5 53. Nd5 Rc1 54. Rb8+ Kc5 55. Nb4 Ra4 56. Kg3 Rxb4 57. Rc8+ Kd6 0-1

[Event "Turkish Club Cup 2019"]
[Site "Konya"]
[Date "2019.07.20"]
[Round "8"]
[White "Demir, Ugur"]
[Black "Sevinc, Mesut"]
[Result "1-0"]
[WhiteElo "1763"]
[BlackElo "1703"]
[Annotator "NA"]
[PlyCount "67"]
[EventDate "2019.07.20"]
[EventType "team-tourn"]
[EventCountry "TUR"]
[SourceTitle "playchess.com"]
[Source "ChessBase"]
[SourceQuality "1"]

1. e4 d5 2. Nf3 dxe4 3. Ng5 Nf6 4. Bc4 e6 5. Nc3 Be7 6. Ngxe4 O-O 7. d4 c6 8. a4 Nbd7 9. O-O Nxe4 10. Nxe4 Nf6 11. Ng3 Bd7 12. Bd3 Qc7 13. Re1 Rfe8 14. Bg5 g6 15. Qf3 Kg7 16. c4 Qd8 17. Bf4 Kg8 18. Be5 Rc8 19. Rad1 a6 20. a5 h5 21. Bxf6 Bxf6 22. c5 e5 23. Ne4 Be7 24. Bc4 Bf5 25. dxe5 Qxa5 26. Qb3 Rf8 27. e6 Bxe4 28. exf7+ Kg7 29. Rxe4 Qxc5 30. Qxb7 Bf6 31. b3 a5 32. Re8 Bd4 33. Qxc8 Bxf2+ 34. Kh1 1-0

[Event "Turkish Club Cup 2019"]
[Site "Konya"]
[Date "2019.07.20"]
[Round "8"]
[White "Ozates, Mert"]
[Black "Yildirim, Yasin"]
[Result "1-0"]
[WhiteElo "1758"]
[BlackElo "1619"]
[Annotator "NA"]
[PlyCount "147"]
[EventDate "2019.07.16"]
[EventType "team-tourn"]
[EventCountry "TUR"]
[SourceTitle "playchess.com"]
[Source "ChessBase"]
[SourceQuality "1"]

1. e4 g6 2. d4 Bg7 3. Nc3 d6 4. f4 a6 5. Nf3 b5 6. Bd3 Nd7 7. e5 c5 8. Be4 Rb8 9. dxc5 Nxc5 10. Bc6+ Bd7 11. Bxd7+ Qxd7 12. Be3 Nb7 13. Bd4 f6 14. O-O dxe5 15. fxe5 Rd8 16. Qe2 fxe5 17. Bxe5 Nf6 18. Rad1 Qc8 19. a4 Rxd1 20. Rxd1 b4 21. Nd5 Qc5+ 22. Kh1 O-O 23. Bd4 Qxd5 24. Bxf6 Qf7 25. Bxg7 Qxg7 26. Qxa6 Nd6 27. Qe2 Kh8 28. b3 Nf5 29. Qe5 Rc8 30. Rd2 Qxe5 31. Nxe5 Rc5 32. Nd3 Rd5 33. g4 Nd6 34. Re2 Nc8 35. Nxb4 Rd4 36. Nc6 Rxg4 37. Nxe7 Nd6 38. a5 Ne4 39. Nd5 Rh4 40. Kg2 Nc5 41. b4 Rd4 42. c3 Rxd5 43. bxc5 Rxc5 44. Ra2 Rxc3 45. a6 Rc8 46. a7 Ra8 47. Kf3 Kg7 48. Ke4 Kh6 49. Ra5 g5 50. Kf5 Rf8+ 51. Kg4 Ra8 52. Ra6+ Kg7 53. Kxg5 Kg8 54. Kf6 Kh8 55. Ke7 Kg7 56. Kd7 h5 57. Kc7 h4 58. Kb7 Rxa7+ 59. Kxa7 h3 60. Ra3 Kh8 61. Rxh3+ Kg8 62. Rg3+ Kh8 63. Rb3 Kg8 64. Rb7 Kh8 65. Kb6 Kg8 66. Kc6 Kh8 67. Kd6 Kg8 68. Ke6 Kh8 69. Kf6 Kg8 70. Kg6 Kf8 71. h4 Ke8 72. h5 Kd8 73. h6 Ke8 74. h7 1-0

[Event "Turkish Club Cup 2019"]
[Site "Konya"]
[Date "2019.07.20"]
[Round "8"]
[White "Kara, Ali Barkin"]
[Black "Gulden, Egemen"]
[Result "0-1"]
[WhiteElo "1749"]
[BlackElo "2135"]
[Annotator "NA"]
[PlyCount "100"]
[EventDate "2019.07.16"]
[EventType "team-tourn"]
[EventCountry "TUR"]
[SourceTitle "playchess.com"]
[Source "ChessBase"]
[SourceQuality "1"]

1. e4 c5 2. Nf3 d6 3. Bb5+ Bd7 4. Bxd7+ Qxd7 5. c4 Qg4 6. O-O Qxe4 7. d4 Qc6 8. d5 Qd7 9. Re1 h6 10. Nc3 g6 11. Bf4 Bg7 12. Nb5 Kf8 13. Qe2 Bf6 14. Rad1 Na6 15. a3 Kg7 16. Rd3 Nc7 17. Nc3 h5 18. Ne4 Rd8 19. h3 Qf5 20. Bd2 Qc8 21. b4 b6 22. Nxf6 exf6 23. Bc3 h4 24. Qb2 Rh5 25. Re4 g5 26. bxc5 dxc5 27. Nd2 Ne8 28. Rf3 Rh6 29. Rg4 Rg6 30. Re4 Nd6 31. Re1 Re8 32. Rfe3 Rxe3 33. Rxe3 Qd7 34. Qb3 Kh7 35. Qd1 g4 36. Kh1 f5 37. Be5 Nh6 38. Bf4 Ng8 39. Qe2 a6 40. Nb3 Ne4 41. Nd2 Ngf6 42. Be5 Nxd2 43. Qxd2 Ne4 44. Qc2 b5 45. hxg4 Rxg4 46. f3 Ng3+ 47. Bxg3 Rxc4 48. Qf2 hxg3 49. Qxg3 Qd8 50. Qh3+ Rh4 0-1

[Event "Turkish Club Cup 2019"]
[Site "Konya"]
[Date "2019.07.20"]
[Round "8"]
[White "Aslan, Onat Ugur"]
[Black "Aslan, Dogukan"]
[Result "0-1"]
[WhiteElo "1747"]
[BlackElo "1806"]
[Annotator "NA"]
[PlyCount "100"]
[EventDate "2019.07.16"]
[EventType "team-tourn"]
[EventCountry "TUR"]
[SourceTitle "playchess.com"]
[Source "ChessBase"]
[SourceQuality "1"]

1. Nf3 c5 2. b3 Nc6 3. Bb2 d6 4. e3 Bg4 5. h3 Bh5 6. g4 Bg6 7. Nh4 e6 8. Nxg6 hxg6 9. Bg2 Qc7 10. f4 d5 11. Qf3 Nf6 12. Nc3 a6 13. O-O-O O-O-O 14. g5 Nh5 15. Qg4 Kb8 16. Ne2 Bd6 17. Rhf1 Qa5 18. Kb1 Rc8 19. d3 Rhd8 20. e4 d4 21. Ng1 b5 22. e5 Be7 23. Nf3 Nb4 24. Nd2 Qxa2+ 25. Kc1 Nd5 26. Bxd5 exd5 27. Nf3 c4 28. dxc4 dxc4 29. Rxd4 c3 30. Bxc3 Rxd4 31. Nxd4 Rxc3 32. Qd7 Rc7 33. Qd5 Qa1+ 34. Kd2 Qxf1 35. Nc6+ Rxc6 36. Qxc6 Qxf4+ 37. Kd1 Qf1+ 38. Kd2 Bxg5+ 39. Kc3 Qxh3+ 40. Kb4 Bd2+ 41. Ka3 Qe6 42. Qc5 b4+ 43. Ka2 Bc3 44. Qg1 Kb7 45. Qf2 f6 46. Qg1 Qd5 47. Kb1 Bxe5 48. Qe1 Qd4 49. c3 Qd3+ 50. Ka2 Qc2+ 0-1

[Event "Turkish Club Cup 2019"]
[Site "Konya"]
[Date "2019.07.20"]
[Round "8"]
[White "Toren, Kadir"]
[Black "Keskin, Osman Orcun"]
[Result "1/2-1/2"]
[WhiteElo "1736"]
[BlackElo "1719"]
[Annotator "NA"]
[PlyCount "72"]
[EventDate "2019.07.16"]
[EventType "team-tourn"]
[EventCountry "TUR"]
[SourceTitle "playchess.com"]
[Source "ChessBase"]
[SourceQuality "1"]

1. e4 c6 2. d4 d5 3. Nd2 dxe4 4. Nxe4 Bf5 5. Ng3 Bg6 6. Nf3 Nd7 7. Bc4 e6 8. O-O Bd6 9. Re1 Qc7 10. c3 Ngf6 11. Bg5 h6 12. Bd2 O-O 13. a4 c5 14. Bb3 a6 15. Bc2 Bxc2 16. Qxc2 cxd4 17. Nxd4 Bc5 18. Nf3 Rfd8 19. Qc1 Ng4 20. Ne4 Qb6 21. Re2 f5 22. Nxc5 Nxc5 23. Be3 Nxe3 24. Qxe3 Rd3 25. Qf4 Rad8 26. Nd4 Nb3 27. Nxb3 Rd1+ 28. Re1 Qxb3 29. Raxd1 Rxd1 30. Qe3 Rxe1+ 31. Qxe1 Kf7 32. Qa1 Kf6 33. f3 a5 34. Kf2 Qc2+ 35. Kf1 Qb3 36. Kf2 Qc2+ 1/2-1/2